Films commençant par I par images - Statistiques

Statistiques générales
  • Ce quiz a été pris 1 715 fois
  • Le résultat moyen est 10 sur 20
Statistiques - réponses
Par images Réponse % Correct
Iron Man
98%
Intouchables
96%
Indiana Jones et les Aventuriers de l'arche perdue
95%
Les Indestructibles
95%
Interstellar
85%
Inception
84%
L'Incroyable Hulk
72%
Il faut sauver le soldat Ryan
64%
Il était une fois
56%
Invictus
45%
Imitation game
41%
Insaisissables
40%
Il était une fois dans l'Ouest
39%
Inglourious Basterds
30%
Il a déjà tes yeux
22%
Invincible
17%
Indigènes
15%
Illusions perdues
12%
Incroyable mais vrai
7%
Itinéraire Bis
2%
Aucun quiz correspondant
Distribution des résultats
% des personnes avec chaque résultat
Percentile par nombre de réponses
Votre historique - résultats
Vous n’avez pas pris ce quiz